Genes IX (Record no. 184949)

MARC details
000 -LEADER
fixed length control field 00363nam a2200145Ia 4500
005 - DATE AND TIME OF LATEST TRANSACTION
control field 20250507103742.0
008 - FIXED-LENGTH DATA ELEMENTS--GENERAL INFORMATION
fixed length control field 231217s9999 xx 000 0 und d
020 ## - INTERNATIONAL STANDARD BOOK NUMBER
International Standard Book Number 9780763752224
082 ## - DEWEY DECIMAL CLASSIFICATION NUMBER
Classification number 575.12 LEW3;8
100 ## - MAIN ENTRY--PERSONAL NAME
Personal name Lewin, Benjamin.
245 #0 - TITLE STATEMENT
Title Genes IX
260 ## - PUBLICATION, DISTRIBUTION, ETC. (IMPRINT)
Date of publication, distribution, etc. 2008
Name of publisher, distributor, etc. Jones and Bartlett Publishers
Place of publication, distribution, etc. Boston
300 ## - PHYSICAL DESCRIPTION
Extent xvii, 892
942 ## - ADDED ENTRY ELEMENTS (KOHA)
Koha item type Books
Holdings
Date last seen Total Checkouts Full call number Accession number Old discount Cost, replacement price Price effective from Category Lost status Damaged status Department Withdrawn status bill no. bill date Permanent Location Current Location Shelving location Entry date Vendor Cost, normal purchase price Grants Currency symbol Conversion rate Discount Discount type
26/01/2024   575.12 LEW3;8 57807 20 1516.00 26/01/2024 Books     Central Library   BA/2009/CR/0004808 28/10/2013 Central Library Central Library Central Library 29/01/2010 Allied publ. 1895.00 BT/PG RS 1 379 Rupees

© For any Suggestions or Query, please contact the library staff @ librarian@pes.edu or Phone: +9180 2672 1983/ 2108.